人口密度1000人/㎢以上の町村(2000年) - Statistics

General Stats
  • This quiz has been taken 65 times
  • The average score is 72 of 168
Answer Stats
都道府県 所属郡 人口密度(人/㎢) 人口(人) Answer % Correct
広島県 安芸郡 4849.09 50673 府中町
81%
静岡県 駿東郡 3492.08 30870 清水町
77%
愛知県 丹羽郡 2837.92 31728 扶桑町
70%
福岡県 糟屋郡 2465.37 34811 粕屋町
70%
埼玉県 入間郡 2336.73 35752 三芳町
70%
福岡県 糟屋郡 4344.14 37794 志免町
68%
神奈川県 高座郡 3455.22 46369 寒川町
68%
神奈川県 中郡 3392.29 30802 二宮町
68%
大阪府 泉北郡 4344.67 17509 忠岡町
66%
神奈川県 中郡 1874.43 32259 大磯町
66%
愛知県 西春日井郡 2100.32 13001 豊山町
64%
大阪府 泉南郡 1757.77 6785 田尻町
64%
埼玉県 入間郡 5787.28 45488 大井町
62%
愛知県 海部郡 4114.44 27073 大治町
62%
兵庫県 加古郡 3714.63 33766 播磨町
62%
広島県 安芸郡 2175.38 30042 海田町
62%
神奈川県 足柄上郡 2042.07 13396 開成町
62%
神奈川県 足柄上郡 1150.73 16582 大井町
62%
沖縄県 中頭郡 1026.87 36115 読谷村
62%
愛知県 海部郡 3264.86 36240 蟹江町
60%
奈良県 北葛城郡 3397.43 23782 王寺町
57%
石川県 石川郡 3361.43 45581 野々市町
57%
沖縄県 島尻郡 2994.31 32099 南風原町
57%
東京都 西多摩郡 1954.37 32892 瑞穂町
57%
神奈川県 三浦郡 1782.71 30413 葉山町
57%
愛知県 西春日井郡 3642.29 19122 清洲町
55%
岐阜県 本巣郡 3336.56 17250 北方町
55%
沖縄県 島尻郡 2701.72 50198 豊見城村
55%
京都府 乙訓郡 2635.85 15736 大山崎町
55%
大阪府 泉南郡 2496.45 42914 熊取町
55%
岐阜県 羽島郡 2154.34 22319 笠松町
55%
愛知県 愛知郡 2010.49 43306 長久手町
55%
埼玉県 南埼玉郡 1889.03 46999 白岡町
55%
愛知県 丹羽郡 1519.37 20633 大口町
55%
愛知県 西春日井郡 5123.51 17215 西枇杷島町
53%
愛知県 海部郡 3849.52 35916 甚目寺町
53%
愛知県 西春日井郡 3345.79 33391 西春町
53%
岐阜県 羽島郡 2802.15 22137 岐南町
53%
愛知県 愛知郡 2045.37 36878 東郷町
53%
奈良県 生駒郡 2001.82 28566 斑鳩町
53%
香川県 綾歌郡 1979.93 15978 宇多津町
53%
沖縄県 中頭郡 1876.21 25554 北谷町
53%
大阪府 三島郡 1795.29 30125 島本町
53%
奈良県 磯城郡 1560.85 32934 田原本町
53%
沖縄県 中頭郡 1366.75 15745 北中城村
53%
静岡県 駿東郡 1364.35 36169 長泉町
53%
三重県 三重郡 1121.20 6716 朝日町
53%
福岡県 遠賀郡 2867.00 31623 水巻町
51%
埼玉県 北足立郡 2176.76 32216 伊奈町
51%
山梨県 中巨摩郡 1741.75 15937 昭和町
51%
愛知県 知多郡 1549.52 39993 武豊町
51%
三重県 三重郡 1352.70 11782 川越町
51%
静岡県 榛原郡 1319.19 27492 吉田町
51%
福岡県 糟屋郡 1261.61 38126 宇美町
51%
京都府 久世郡 1232.32 17080 久御山町
51%
沖縄県 中頭郡 2105.14 32777 西原町
49%
徳島県 板野郡 1866.50 30368 藍住町
49%
埼玉県 北葛飾郡 1789.21 29021 松伏町
49%
岡山県 都窪郡 1565.70 11915 早島町
49%
愛知県 知多郡 1453.28 45168 東浦町
49%
福岡県 遠賀郡 1385.90 15827 芦屋町
49%
福岡県 築上郡 1283.57 7188 吉富町
49%
神奈川県 愛甲郡 1247.01 42760 愛川町
49%
福岡県 糟屋郡 1188.71 22431 新宮町
49%
三重県 員弁郡 1160.86 26305 東員町
49%
愛知県 西春日井郡 5046.13 42337 師勝町
47%
愛知県 葉栗郡 3265.93 31059 木曽川町
47%
群馬県 邑楽郡 2309.15 41403 大泉町
47%
埼玉県 南埼玉郡 2206.46 35193 宮代町
47%
愛知県 西加茂郡 1485.02 47684 三好町
47%
福岡県 宗像郡 1409.45 41480 福間町
47%
長崎県 西彼杵郡 1400.76 40356 長与町
47%
岐阜県 安八郡 1374.63 4660 墨俣町
47%
香川県 仲多度郡 1339.83 11335 琴平町
47%
愛知県 知多郡 1003.68 24028 阿久比町
47%
奈良県 生駒郡 2724.66 23977 三郷町
45%
愛知県 海部郡 2693.40 22436 七宝町
45%
静岡県 浜名郡 2545.79 11787 舞阪町
45%
奈良県 磯城郡 1975.92 8042 三宅町
45%
静岡県 浜名郡 1704.17 13889 雄踏町
45%
奈良県 磯城郡 1586.20 9422 川西町
45%
埼玉県 北葛飾郡 1577.87 47336 杉戸町
45%
兵庫県 揖保郡 1412.91 31960 太子町
45%
長崎県 西彼杵郡 1363.70 28065 時津町
45%
神奈川県 足柄下郡 1292.74 9075 真鶴町
45%
徳島県 板野郡 1089.08 14267 松茂町
45%
京都府 相楽郡 1027.16 26357 精華町
45%
大阪府 南河内郡 1001.41 14190 太子町
45%
群馬県 多野郡 3358.82 12562 新町
43%
大阪府 南河内郡 2849.85 37618 美原町
43%
三重県 南牟婁郡 1695.83 4884 鵜殿村
43%
福岡県 糟屋郡 1536.19 25086 須恵町
43%
京都府 相楽郡 1426.04 33683 木津町
43%
岐阜県 羽島郡 1218.70 9774 川島町
43%
山梨県 中巨摩郡 3168.67 40559 竜王町
40%
奈良県 北葛城郡 2433.62 20126 河合町
40%
岐阜県 本巣郡 2133.58 35076 穂積町
40%
奈良県 生駒郡 1972.06 8539 安堵町
40%
宮城県 宮城郡 1592.39 21131 七ヶ浜町
40%
愛媛県 伊予郡 1490.01 30277 松前町
40%
静岡県 磐田郡 1454.54 28829 豊田町
40%
群馬県 佐波郡 1450.97 37522 玉村町
40%
千葉県 印旛郡 1424.20 50431 白井町
40%
滋賀県 栗太郡 1039.92 54856 栗東町
40%
奈良県 北葛城郡 3909.61 24005 上牧町
38%
徳島県 板野郡 2260.32 19823 北島町
38%
愛知県 宝飯郡 2183.87 21664 小坂井町
38%
奈良県 北葛城郡 1924.36 31444 広陵町
38%
石川県 河北郡 1303.24 26560 内灘町
38%
福岡県 田川郡 1302.11 10469 糸田町
38%
福島県 伊達郡 1177.55 10857 伊達町
38%
沖縄県 島尻郡 3395.28 15109 与那原町
36%
埼玉県 北葛飾郡 2449.57 34049 鷲宮町
36%
愛知県 西春日井郡 2023.94 8116 春日町
36%
新潟県 中蒲原郡 1906.12 32061 亀田町
36%
埼玉県 北葛飾郡 1595.63 25179 栗橋町
36%
三重県 三重郡 1417.14 10997 楠町
36%
茨城県 北相馬郡 1413.47 50362 守谷町
36%
石川県 能美郡 1136.77 15426 根上町
36%
愛知県 幡豆郡 1084.67 24340 一色町
36%
高知県 香美郡 2065.85 3388 赤岡町
34%
山梨県 東八代郡 1808.91 26989 石和町
34%
静岡県 浜名郡 1270.68 17116 新居町
34%
千葉県 印旛郡 1045.48 19885 酒々井町
34%
埼玉県 児玉郡 1031.36 30126 上里町
34%
愛知県 海部郡 2416.23 23969 美和町
32%
愛知県 海部郡 2019.51 22457 佐織町
32%
群馬県 群馬郡 1608.61 35293 群馬町
32%
愛知県 海部郡 1597.96 29802 佐屋町
32%
和歌山県 那賀郡 1250.81 48156 岩出町
32%
神奈川県 津久井郡 1157.59 23036 城山町
32%
岐阜県 安八郡 1105.49 20750 神戸町
32%
千葉県 東葛飾郡 1093.76 45927 沼南町
32%
愛知県 中島郡 1047.15 23163 祖父江町
32%
愛知県 西春日井郡 3948.09 18556 新川町
30%
岐阜県 羽島郡 1587.39 12334 柳津町
30%
三重県 度会郡 1475.21 8925 御薗村
30%
三重県 一志郡 1358.97 5300 香良洲町
30%
埼玉県 北葛飾郡 1333.89 37549 庄和町
30%
千葉県 東葛飾郡 1048.79 31275 関宿町
30%
徳島県 那賀郡 1377.35 11735 羽ノ浦町
28%
埼玉県 入間郡 1166.94 39711 毛呂山町
28%
沖縄県 島尻郡 1141.24 16879 東風平町
28%
群馬県 新田郡 1386.30 25799 笠懸町
26%
群馬県 佐波郡 1115.33 20656 東村
26%
茨城県 北相馬郡 1018.13 33466 藤代町
26%
石川県 河北郡 1763.69 11270 七塚町
23%
三重県 度会郡 1567.91 18125 小俣町
23%
愛知県 中島郡 1529.45 13505 平和町
23%
石川県 石川郡 1365.57 12454 美川町
23%
静岡県 磐田郡 1170.28 19415 福田町
23%
福岡県 田川郡 1118.10 8341 金田町
23%
香川県 木田郡 1104.43 18201 牟礼町
23%
奈良県 北葛城郡 1094.77 19454 新庄町
23%
埼玉県 北足立郡 1872.94 28169 吹上町
21%
熊本県 菊池郡 1131.01 27461 西合志町
21%
山梨県 中巨摩郡 1654.51 16694 田富町
19%
山梨県 中巨摩郡 1270.44 10443 玉穂町
19%
石川県 能美郡 1164.11 15308 寺井町
19%
福岡県 嘉穂郡 1143.19 19823 稲築町
19%
沖縄県 島尻郡 1075.57 11401 佐敷町
19%
茨城県 稲敷郡 1055.39 25836 茎崎町
17%
福岡県 嘉穂郡 1051.45 26528 穂波町
17%
富山県 射水郡 1163.19 9259 大島町
15%
佐賀県 佐賀郡 1005.49 12086 諸富町
15%
長崎県 西彼杵郡 1004.90 4512 香焼町
15%
福岡県 山門郡 1092.60 18454 三橋町
13%
山梨県 中巨摩郡 1080.25 11105 若草町
11%
No matching quizzes found
Score Distribution
Percent of People with Each Score
Percentile by Number Answered
Your Score History
You have not taken this quiz